00992nam a2200229Ia 450000500170000000800410001708200200005824500950007825000190017330000420019260000680023461000730030265000580037594200130043326400430044633600270048933700330051633800280054904000350057799900150061295201350062720220317001213.0160825s1995 ck a g 000 0 spa 04aR 708.074bB15m10aManuel GarcíabLegado fotográfico de un caminantecBanco de la Repúblicahcatálogo a1a. edición  a28 páginas bilustraciones c22 cm 14aGarcia Hernandez, Manueld1912xTrabajos fotográficos 9675892 aBanco de la República (Pereira)vExposiciones vCatálogo 967590142LEMBaFotografos colombianosvExposicionesvCatalogos 2ddccREF aPereirabBanco de la Repúblicac1995 atextobtxt2rdacontent asin mediaciónbn2rdamedia avolumenbnc2rdacarrier aCO-BoRNBPbspaerdacCO-BoRNBP c6234d6234 00102ddc40708GENaMEDORADObMEDORADOcREFd2023-02-17l0oR 708.074 B15mpDOR01251r2023-02-17 00:00:00tEj.1w2023-02-17yREF